00346nam a2200145Ia 4500008004100000020001500041041000800056082001700064100002000081245003200101250000600133260002700139300001400166650002000180210716s2003 xx 000 0 und d a0072502908 aeng a657.046 LARE aLarsen, E John. aModern advanced accounting. a9 aNew DelhibIrwinc2003 axviii,853 aAccounting(657)